000 01050nam2a22002651 4500
001 RU\NLR\INFOCOMM10\1000319150
005 20250617012519.0
035 _a(NLR Aleph) 002342413
090 _a4486876
_c4486876
100 _a20041101d1899 |||y0rusy50 ca
101 0 _arus
102 _aRU
105 _ay |||||||||
200 1 _aОпора семьи
_fА. Додэ
210 _d1899
_aБ. м.
423 0 _12001#$aМод$eРассказ Г.Северцева (Полилова)$fСеверцев Г.
_1700#1$aСеверцев$bГ.
_tМод
_aСеверцев, Г.
461 0 _1001RU\NLR\INFOCOMM10\1000317877
_12001#$aСвет$eСборник романов и повестей$eЕжемес. журн.$v1899, апр.
_94486430
_cСПб.
_d1882-1917
_oСборник романов и повестей : Ежемес. журн.
_tСвет
_v1899, апр.
700 1 _aДодэ
_bА.
_4070
801 1 _aRU
_bInfoComm
_c20041101
801 0 _aRU
_bNLR
_gPSBO
852 _aNLR
_j2/1407
942 _cISSUE
980 _aNB
980 _aRUSPER